[Event "Paracin Prestige op"]
[Site "Paracin"]
[Date "2024.01.19"]
[Round "6"]
[White "Ali, Abdulaziz"]
[Black "Schlegel, Igor"]
[Result "0-1"]
[WhiteElo "1950"]
[BlackElo "2239"]
[PlyCount "50"]
[EventDate "2024.01.15"]
[EventType "swiss"]
[EventRounds "9"]
[EventCountry "SRB"]
[SourceTitle "CB05_2024"]
[SourceDate "2024.01.31"]
[SourceVersion "1"]
[SourceVersionDate "2024.01.31"]
[SourceQuality "1"]

1. e4 c5 2. Nf3 d6 3. d4 cxd4 4. Nxd4 Nf6 5. f3 e5 6. Nb3 d5 7. Bg5 Be6 8. Bxf6 gxf6 9. exd5 Qxd5 10. Qxd5 Bxd5 11. Nc3 Be6 12. 0-0-0 Nc6 13. Bb5 Rc8 14. Na5 Ke7 15. Nxb7 Nd4 16. Rhe1 Rxc3 17. bxc3 Nxb5 18. Kb2 Bh6 19. Nc5 Rb8 20. Nxe6 Nd4+ 21. Ka3 Nxc2+ 22. Ka4 Nxe1 23. Rxe1 Kxe6 24. Re2 Kd5 25. Ka5 Rb6 0-1

[Event "Abu Dhabi President Cup"]
[Site "Abu Dhabi"]
[Date "2022.12.17"]
[Round "3"]
[White "Al Hosani, Omran"]
[Black "Ali, Abdulaziz"]
[Result "1/2-1/2"]
[WhiteElo "2274"]
[BlackElo "1965"]
[PlyCount "39"]
[EventDate "2022.12.16"]
[EventType "swiss"]
[EventRounds "9"]
[EventCountry "UAE"]
[SourceTitle "CBM 212 Extra"]
[Source "ChessBase"]
[SourceDate "2023.03.31"]
[SourceVersion "1"]
[SourceVersionDate "2023.03.31"]
[SourceQuality "1"]

1. d4 Nf6 2. c4 e6 3. Nc3 d5 4. cxd5 exd5 5. Bg5 c6 6. e3 Be7 7. Bd3 Nbd7 8. Nf3 0-0 9. 0-0 Re8 10. Qc2 Nf8 11. Rab1 a5 12. a3 Bd6 13. h3 h6 14. Bh4 Ne6 15. b4 axb4 16. axb4 Be7 17. Bg3 Bd6 18. Bh4 Be7 19. Bg3 Bd6 20. Bh4 1/2-1/2

[Event "Sharjah Blitz op 27th"]
[Site "Sharjah"]
[Date "2022.04.08"]
[Round "9"]
[White "Ali, Abdulaziz"]
[Black "El Adnani, Mokliss"]
[Result "0-1"]
[WhiteElo "1883"]
[BlackElo "2406"]
[PlyCount "57"]
[EventDate "2022.04.08"]
[EventType "swiss (blitz)"]
[EventRounds "9"]
[EventCountry "UAE"]
[SourceTitle "CBM 207 Extra"]
[Source "ChessBase"]
[SourceDate "2022.05.31"]
[SourceVersion "1"]
[SourceVersionDate "2022.05.31"]
[SourceQuality "1"]

1. e4 c5 2. Nf3 e6 3. d4 cxd4 4. Nxd4 Nf6 5. Nc3 Nc6 6. Bg5 Bb4 7. Nxc6 bxc6 8. e5 Qa5 9. Qd4 Ne4 10. Bd2 Nxd2 11. Kxd2 0-0 12. a3 Bxc3+ 13. Qxc3 Qb6 14. Ke1 f6 15. Bd3 fxe5 16. Rf1 d6 17. Rd1 Rf4 18. Be2 Rd4 19. b4 Bd7 20. Qb3 Rf8 21. c3 Rxd1+ 22. Bxd1 d5 23. a4 e4 24. Bg4 Qc7 25. Qc2 Qxh2 26. g3 Qh6 27. Qd2 Qg6 28. Bh3 Qf6 29. Qe3 0-1

[Event "Biel ATO op 54th"]
[Site "Biel"]
[Date "2021.08.04"]
[Round "7"]
[White "Rouda Essa, Alserkal"]
[Black "Ali, Abdulaziz"]
[Result "0-1"]
[WhiteElo "1504"]
[BlackElo "1913"]
[PlyCount "78"]
[EventDate "2021.07.26"]
[EventType "swiss"]
[EventRounds "9"]
[EventCountry "SUI"]
[SourceTitle "EXT 2022"]
[Source "ChessBase"]
[SourceDate "2021.10.06"]
[SourceVersion "1"]
[SourceVersionDate "2021.10.06"]
[SourceQuality "1"]

1. e4 e5 2. Nf3 Nc6 3. Bb5 a6 4. Ba4 d6 5. c3 f5 6. exf5 Bxf5 7. d4 b5 8. Bb3 e4 9. Bxg8 Rxg8 10. Bg5 Qd7 11. Nh4 h6 12. Nxf5 Qxf5 13. Bh4 Be7 14. Bg3 h5 15. h4 Kd7 16. Nd2 Rge8 17. Nf1 g6 18. Ne3 Qf7 19. Qb3 Qg7 20. 0-0-0 Bf6 21. Rhe1 Rab8 22. Nd5 g5 23. hxg5 Bxg5+ 24. Bf4 Bxf4+ 25. Nxf4 Qg5 26. g3 Re7 27. Qd5 Qxd5 28. Nxd5 Rf7 29. Rxe4 Rxf2 30. Rh4 Re8 31. Rd2 Rf1+ 32. Kc2 Na5 33. b3 Ree1 34. Rxh5 Rc1+ 35. Kb2 Rb1+ 36. Ka3 Rf3 37. Rh7+ Kc6 38. Nxc7 Nc4+ 39. Kb4 a5# 0-1

[Event "Biel ATO op 54th"]
[Site "Biel"]
[Date "2021.07.27"]
[Round "2"]
[White "Ali, Abdulaziz"]
[Black "Hamad, Bader"]
[Result "1-0"]
[WhiteElo "1913"]
[BlackElo "1685"]
[PlyCount "89"]
[EventDate "2021.07.26"]
[EventType "swiss"]
[EventRounds "9"]
[EventCountry "SUI"]
[SourceTitle "EXT 2022"]
[Source "ChessBase"]
[SourceDate "2021.10.06"]
[SourceVersion "1"]
[SourceVersionDate "2021.10.06"]
[SourceQuality "1"]

1. e4 c5 2. b3 Nc6 3. Bb2 e6 4. Nf3 a6 5. Be2 Qc7 6. a4 Nf6 7. Nc3 Bd6 8. h3 b6 9. 0-0 Bb7 10. Re1 0-0-0 11. d4 cxd4 12. Nxd4 Bh2+ 13. Kh1 Be5 14. Ndb5 Qb8 15. Na3 Bxc3 16. Bxc3 Nxe4 17. Bd4 Nxd4 18. Qxd4 Qf4 19. Kg1 d5 20. Qxb6 d4 21. Bf3 Rd6 22. Qxb7+ Kxb7 23. Rxe4 Qxe4 24. Bxe4+ Ka7 25. Nc4 Rd7 26. Ne5 Rc7 27. Nc6+ Kb6 28. Nxd4 g6 29. a5+ Kc5 30. Ra4 Kd6 31. Bd3 e5 32. Ne2 Rc6 33. Nc1 f5 34. f3 Re8 35. Na2 Rc5 36. Kf2 Rec8 37. Nb4 e4 38. fxe4 fxe4 39. Bxe4 Rf8+ 40. Ke3 Rc3+ 41. Bd3 Ra8 42. Kd4 Rc7 43. Nxa6 Rca7 44. b4 Rf8 45. Nc5 1-0

[Event "Sharjah Blitz op"]
[Site "Sharjah"]
[Date "2021.05.01"]
[Round "5.20"]
[White "Ali, Abdulaziz"]
[Black "Albadin, Alaa"]
[Result "1-0"]
[WhiteElo "1913"]
[BlackElo "1359"]
[PlyCount "63"]
[EventDate "2021.05.01"]
[EventType "swiss (blitz)"]
[EventRounds "9"]
[EventCountry "UAE"]
[SourceTitle "CBM 202 Extra"]
[Source "ChessBase"]
[SourceDate "2021.07.31"]
[SourceVersion "1"]
[SourceVersionDate "2021.07.31"]
[SourceQuality "1"]

1. e4 e5 2. Nf3 Nc6 3. Bb5 Nf6 4. 0-0 d6 5. c3 Be7 6. d4 exd4 7. cxd4 0-0 8. Nc3 Bg4 9. Bxc6 bxc6 10. h3 Bh5 11. Re1 Re8 12. Qd3 Bxf3 13. Qxf3 Bf8 14. Bg5 Be7 15. Rac1 h6 16. Bh4 Nd7 17. Bg3 Bg5 18. Rc2 Nb6 19. b3 a5 20. Qd3 a4 21. f4 Be7 22. e5 Bf8 23. Qf3 axb3 24. axb3 c5 25. d5 dxe5 26. fxe5 Ra7 27. Rf1 Qe7 28. Nb5 Rb7 29. d6 cxd6 30. Nxd6 Qe6 31. Nxb7 Qxb3 32. Qxb3 1-0

[Event "Sharjah Blitz op"]
[Site "Sharjah"]
[Date "2021.05.01"]
[Round "2.16"]
[White "Alkhour, Seifedin"]
[Black "Ali, Abdulaziz"]
[Result "1-0"]
[WhiteElo "1444"]
[BlackElo "1913"]
[PlyCount "89"]
[EventDate "2021.05.01"]
[EventType "swiss (blitz)"]
[EventRounds "9"]
[EventCountry "UAE"]
[SourceTitle "CBM 202 Extra"]
[Source "ChessBase"]
[SourceDate "2021.07.31"]
[SourceVersion "1"]
[SourceVersionDate "2021.07.31"]
[SourceQuality "1"]

1. e4 e5 2. Nf3 Nc6 3. d4 exd4 4. Nxd4 Nf6 5. Nxc6 bxc6 6. Bd3 Bc5 7. 0-0 0-0 8. Bg5 Be7 9. Nc3 h6 10. Bh4 a5 11. a3 d6 12. h3 Ba6 13. Re1 Bxd3 14. cxd3 Rb8 15. Rb1 Nd7 16. Bg3 Nc5 17. b4 axb4 18. axb4 Nd7 19. Qf3 Bf6 20. Rec1 c5 21. b5 Ne5 22. Qe2 Qd7 23. Nd5 Bd8 24. f4 Ng6 25. Nc3 Bf6 26. Nd5 Bd4+ 27. Kh2 Rxb5 28. Rxb5 Qxb5 29. e5 Qb7 30. Qf3 c6 31. Ne3 dxe5 32. f5 Nf4 33. Bxf4 exf4 34. Qxf4 Qe7 35. Ng4 h5 36. f6 Qe6 37. Nh6+ gxh6 38. Qg3+ Qg4 39. hxg4 h4 40. Qxh4 Kh7 41. Re1 Rg8 42. Re7 Kg6 43. Qh5+ Kxf6 44. Qxf7+ Kg5 45. Qf5+ 1-0

[Event "Asian Cities-chT"]
[Site "Dhaka"]
[Date "2019.07.10"]
[Round "1.4"]
[White "Ali, Abdulaziz"]
[Black "Subrota, Biswas"]
[Result "0-1"]
[WhiteElo "1940"]
[BlackElo "2236"]
[PlyCount "74"]
[EventDate "2019.07.10"]
[EventType "team-swiss"]
[EventRounds "9"]
[EventCountry "BAN"]
[SourceTitle "EXT 2020"]
[Source "ChessBase"]
[SourceDate "2019.10.17"]
[SourceVersion "1"]
[SourceVersionDate "2019.10.17"]
[SourceQuality "1"]
[WhiteTeam "Dubai"]
[BlackTeam "Dhaka"]
[WhiteTeamCountry "UAE"]
[BlackTeamCountry "BAN"]

1. e4 e5 2. Nf3 Nc6 3. Bb5 a6 4. Ba4 Nf6 5. d3 d6 6. c3 g6 7. 0-0 Bg7 8. Re1 0-0 9. Nbd2 b5 10. Bc2 Re8 11. Nf1 Nb8 12. d4 Nbd7 13. a4 Bb7 14. axb5 axb5 15. Rxa8 Qxa8 16. d5 Qa6 17. h3 c6 18. dxc6 Qxc6 19. g4 d5 20. exd5 Nxd5 21. N1h2 b4 22. Ba4 Qc7 23. cxb4 Rd8 24. Bg5 f6 25. Bd2 Kh8 26. Qe2 Qd6 27. Rd1 N7b6 28. Bb3 Re8 29. Qb5 Qb8 30. Bc3 e4 31. Ne1 e3 32. Bd4 Nf4 33. Bxe3 Nxh3+ 34. Kf1 Na8 35. Ba7 Ba6 36. Qxa6 Qxh2 37. Qc6 Qg1# 0-1

[Event "Arab-ch"]
[Site "Dubai"]
[Date "2018.12.02"]
[Round "6"]
[White "Ali, Abdulaziz"]
[Black "Elmejbri, Ali Abdoullah"]
[Result "1-0"]
[WhiteElo "1967"]
[BlackElo "2091"]
[PlyCount "87"]
[EventDate "2018.11.28"]
[EventType "swiss"]
[EventRounds "9"]
[EventCountry "UAE"]
[SourceTitle "CBM 187 Extra"]
[Source "ChessBase"]
[SourceDate "2018.11.04"]
[SourceVersion "1"]
[SourceVersionDate "2018.11.04"]
[SourceQuality "1"]

1. e4 g6 2. d4 Bg7 3. Nc3 d6 4. g3 b6 5. Bg2 Bb7 6. Nge2 e6 7. Be3 Ne7 8. Qd2 h6 9. 0-0 Nd7 10. Rad1 Nf6 11. e5 Nfd5 12. exd6 cxd6 13. Ne4 Nxe3 14. fxe3 d5 15. N4c3 0-0 16. e4 Rc8 17. e5 a6 18. Bh3 b5 19. Bg2 Nc6 20. Nf4 Qb6 21. Kh1 Na5 22. Nce2 Nc4 23. Qc1 Qa5 24. b3 Na3 25. Rd2 b4 26. Qb2 Rc7 27. Rf2 Rfc8 28. Nc1 Nb5 29. Nfd3 Bf8 30. Rf1 Nc3 31. Rdf2 Qb6 32. Nc5 Bxc5 33. dxc5 Qxc5 34. Nd3 Qb6 35. Qc1 Kg7 36. Qf4 Ne4 37. Re2 g5 38. Qf3 Qb5 39. Nf2 Rc3 40. Qh5 Rf8 41. Bxe4 dxe4 42. Ng4 f5 43. exf6+ Rxf6 44. Rxf6 1-0